[Event "23rd EUR-ch"]
[Site "Vrnjacka Banja SRB"]
[Date "2023.03.07"]
[Round "5.64"]
[White "Ohanian, Emin"]
[Black "Van Foreest, Lucas"]
[Result "1-0"]
[WhiteElo "2405"]
[BlackElo "2570"]
[EventDate "2023.03.03"]
[PlyCount "123"]

1.d4 Nf6 2.c4 e6 3.Nf3 b6 4.g3 Ba6 5.b3 Bb4+ 6.Bd2 Be7 7.Nc3 d5 8.cxd5 
exd5 9.Bg2 O-O 10.O-O Re8 11.a3 Bb7 12.b4 c6 13.Qb3 Nbd7 14.Ne5 Nxe5 15.
dxe5 Ne4 16.Nxe4 dxe4 17.Rfd1 Qd5 18.Qxd5 cxd5 19.Rac1 Bd8 20.Bc3 Bg5 21.
e3 Rac8 22.Bh3 Rc7 23.Bb2 Bd8 24.b5 Ree7 25.a4 Rxc1 26.Rxc1 Rc7 27.Rxc7 
Bxc7 28.Bd7 Bb8 29.h4 Bc7 30.Kh2 g6 31.Kh3 h5 32.Bc3 Kh7 33.e6 fxe6 34.
Bxe6 Kh6 35.Bf6 Bd6 36.Kg2 Bc7 37.Kf1 Kh7 38.Ke2 Bd6 39.Kd2 Bb4+ 40.Kd1 
Bd6 41.Kc2 Bb4 42.Be5 Be1 43.Kd1 Ba5 44.Bd7 a6 45.Bc6 Bc8 46.Bxd5 axb5 47.
axb5 Bg4+ 48.Kc2 Be2 49.Bc6 Bd3+ 50.Kb3 Be1 51.Bc7 Bxf2 52.Bxb6 g5 53.Bc7 
gxh4 54.gxh4 Bxe3 55.b6 Ba6 56.b7 Bxb7 57.Bxb7 Bf2 58.Bxe4+ Kg7 59.Bd8 Bd4
60.Bg5 Kf7 61.Kc4 Bf6 62.Kd5 1-0

[Event "23rd EUR-ch"]
[Site "Vrnjacka Banja SRB"]
[Date "2023.03.07"]
[Round "5.65"]
[White "Peyrer, Konstantin"]
[Black "Mchedlishvili, Mikheil"]
[Result "1/2-1/2"]
[WhiteElo "2395"]
[BlackElo "2569"]
[EventDate "2023.03.03"]
[PlyCount "57"]

1.d4 c5 2.d5 g6 3.e4 Bg7 4.Nc3 d6 5.Nf3 Nf6 6.Bb5+ Bd7 7.a4 O-O 8.O-O Bxb5
9.axb5 Nbd7 10.h3 Nb6 11.Qe2 Qd7 12.Rd1 e6 13.dxe6 Qxe6 14.e5 dxe5 15.Qxe5
Qxe5 16.Nxe5 Rfe8 17.Nf3 Nh5 18.Na4 Nxa4 19.Rxa4 Nf6 20.Be3 b6 21.c3 Re7 
22.Rd6 Rb7 23.Bg5 Ne8 24.Rd2 f6 25.Bf4 Bf8 26.g4 Be7 27.h4 Rd8 28.Re2 Kf7 
29.g5 1/2-1/2

[Event "23rd EUR-ch"]
[Site "Vrnjacka Banja SRB"]
[Date "2023.03.07"]
[Round "5.66"]
[White "Nesterov, Arseny"]
[Black "Kilic, Eray"]
[Result "1-0"]
[WhiteElo "2568"]
[BlackElo "2415"]
[EventDate "2023.03.03"]
[PlyCount "87"]

1.d4 Nf6 2.c4 e6 3.g3 d5 4.Bg2 Be7 5.Nf3 O-O 6.O-O a5 7.Nc3 c6 8.Qd3 b6 9.
b3 Ba6 10.a4 Nbd7 11.e4 Rc8 12.Rd1 dxe4 13.Nxe4 Nxe4 14.Qxe4 b5 15.Qc2 
bxc4 16.bxc4 Qc7 17.c5 Nf6 18.Ne5 Nd5 19.Bxd5 cxd5 20.Bf4 g5 21.Be3 f6 22.
Nf3 Qc6 23.h4 g4 24.Nh2 f5 25.Bf4 Bf6 26.Qd2 Rfe8 27.Rdb1 Qd7 28.Rb6 Bb7 
29.Re1 Bc6 30.Be5 Bd8 31.f3 Qf7 32.fxg4 Bxb6 33.cxb6 f4 34.Bxf4 Bxa4 35.
Re5 h6 36.Bxh6 Rc2 37.Qe3 Rb2 38.Rg5+ Kh7 39.Rg7+ Qxg7 40.Bxg7 Kxg7 41.
Qg5+ Kh7 42.Qh5+ Kg7 43.Qe5+ Kh7 44.Nf3 1-0

[Event "23rd EUR-ch"]
[Site "Vrnjacka Banja SRB"]
[Date "2023.03.07"]
[Round "5.67"]
[White "Kobo, Ori"]
[Black "Neverov, Valeriy"]
[Result "1-0"]
[WhiteElo "2548"]
[BlackElo "2414"]
[EventDate "2023.03.03"]
[PlyCount "51"]

1.e4 e5 2.Nf3 Nc6 3.Bb5 Bc5 4.c3 Nf6 5.d4 exd4 6.O-O a6 7.Ba4 Nxe4 8.cxd4 
Ba7 9.d5 Ne7 10.Bc2 Nd6 11.Re1 b5 12.Bf4 Bb7 13.Nc3 Kf8 14.h4 b4 15.Ne4 
Nxe4 16.Bxe4 d6 17.Rc1 h6 18.Nd4 Ng8 19.Qd2 Bxd4 20.Qxd4 Nf6 21.Qxb4 Bxd5 
22.Bxd5 Nxd5 23.Qb7 Nxf4 24.Rxc7 Kg8 25.Rxf7 Nh5 26.Qd5 1-0

[Event "23rd EUR-ch"]
[Site "Vrnjacka Banja SRB"]
[Date "2023.03.07"]
[Round "5.68"]
[White "Malcewska, Aleksandra"]
[Black "Stremavicius, Titas"]
[Result "0-1"]
[WhiteElo "2388"]
[BlackElo "2544"]
[EventDate "2023.03.03"]
[PlyCount "74"]

1.e4 d6 2.d4 Nf6 3.Nc3 g6 4.Bc4 Bg7 5.Nf3 O-O 6.Qe2 Bg4 7.e5 dxe5 8.dxe5 
Nfd7 9.Bf4 Nb6 10.Rd1 Qc8 11.Bd5 c6 12.Be4 N8d7 13.h3 Bxf3 14.Bxf3 Qc7 15.
O-O Bxe5 16.Bh6 Rfe8 17.Ne4 Bg7 18.Bxg7 Kxg7 19.Rfe1 Qe5 20.Qd2 Nf6 21.Ng3
Qxb2 22.Qg5 e6 23.c4 h6 24.Qf4 e5 25.Qh4 Rad8 26.Rb1 Qd4 27.Qxd4 exd4 28.
Rxe8 Rxe8 29.c5 Na4 30.Rxb7 Re1+ 31.Kh2 Nxc5 32.Rxa7 d3 33.Rc7 d2 34.Rxc6 
Nce4 35.Nxe4 Nxe4 36.Rc4 Ng5 37.Bg4 h5 0-1

[Event "23rd EUR-ch"]
[Site "Vrnjacka Banja SRB"]
[Date "2023.03.07"]
[Round "5.69"]
[White "Muradli, Mahammad"]
[Black "Mitsis, Georgios"]
[Result "1/2-1/2"]
[WhiteElo "2539"]
[BlackElo "2407"]
[EventDate "2023.03.03"]
[PlyCount "136"]

1.c4 e6 2.g3 d5 3.Bg2 Nf6 4.Nf3 Be7 5.d4 O-O 6.O-O c6 7.Qc2 b6 8.Nbd2 c5 
9.dxc5 bxc5 10.b3 Bb7 11.cxd5 exd5 12.Bb2 Nbd7 13.Rad1 Qb6 14.e4 d4 15.
Rfe1 a5 16.Nc4 Qa7 17.a4 Rfe8 18.Bc1 Nb8 19.Nfe5 Nc6 20.Bd2 Nxe5 21.Nxe5 
Bd6 22.Nc4 Bc7 23.f4 Bc6 24.e5 Bxg2 25.Kxg2 Qb7+ 26.Kg1 Nd7 27.Qd3 Qd5 28.
Re2 f6 29.exf6 Nxf6 30.Rde1 Rxe2 31.Rxe2 Kf8 32.h3 h5 33.Re1 Ra6 34.f5 Kg8
35.Bg5 Rc6 36.Re7 Bd8 37.Re5 Qd7 38.Qf3 Rc8 39.Re6 Rb8 40.Rd6 Qf7 41.Ne5 
Qc7 42.Re6 Rc8 43.Kg2 Be7 44.Ng6 Bd8 45.Qxh5 Qxg3+ 46.Kxg3 Nxh5+ 47.Kg4 
Nf6+ 48.Bxf6 gxf6 49.Re7 c4 50.bxc4 d3 51.Kf3 Bb6 52.Rb7 Bc5 53.Rd7 Bb4 
54.Rxd3 Rxc4 55.Rd7 Ba3 56.Rd1 Bb2 57.Rd2 Bc1 58.Rd1 Bb2 59.Rb1 Bc1 60.Ke2
Bg5 61.Ra1 Kf7 62.Kd3 Rb4 63.Kc3 Be3 64.Re1 Bg5 65.Ra1 Be3 66.Ra2 Bg5 67.
Kc2 Rd4 68.Ra3 Rb4 1/2-1/2

[Event "23rd EUR-ch"]
[Site "Vrnjacka Banja SRB"]
[Date "2023.03.07"]
[Round "5.70"]
[White "Zajic, Milan"]
[Black "Sebenik, Matej"]
[Result "1-0"]
[WhiteElo "2387"]
[BlackElo "2536"]
[EventDate "2023.03.03"]
[PlyCount "119"]

1.e4 c5 2.Nf3 Nc6 3.Bb5 e6 4.O-O Nge7 5.Re1 Ng6 6.c3 a6 7.Bf1 Be7 8.d4 
cxd4 9.cxd4 d5 10.e5 O-O 11.Nc3 h6 12.Bd3 Bd7 13.a3 Rc8 14.g3 Be8 15.h4 f6
16.exf6 Bxf6 17.Rxe6 Nge7 18.Bf4 Bh5 19.Rd6 Qe8 20.Be2 Bxf3 21.Bxf3 Bxd4 
22.Bh5 g6 23.Bg4 Rd8 24.Rxd8 Qxd8 25.Qe2 Kh7 26.Rd1 Bg7 27.Qd3 d4 28.Ne2 
Kh8 29.Be6 Nf5 30.Ba2 h5 31.b4 Qd7 32.Rc1 Re8 33.Rc5 Qe7 34.Kf1 a5 35.Rxf5
gxf5 36.Qf3 Qxe2+ 37.Qxe2 Rxe2 38.Kxe2 axb4 39.axb4 Nxb4 40.Be6 Bf6 41.Bd6
d3+ 42.Kd2 Nc6 43.Bxf5 Bd4 44.Kxd3 Bxf2 45.Bg6 Bc5 46.Bf4 b5 47.Bxh5 b4 
48.Bf3 Ne7 49.h5 Nf5 50.Be5+ Kg8 51.Bd5+ Kf8 52.g4 Bd6 53.Bb2 Ne7 54.Be6 
Bf4 55.Ke4 Bh6 56.Bf6 Bg7 57.g5 Bxf6 58.gxf6 Ng8 59.Bxg8 Kxg8 60.h6 1-0

[Event "23rd EUR-ch"]
[Site "Vrnjacka Banja SRB"]
[Date "2023.03.07"]
[Round "5.71"]
[White "Maurizzi, Marc`Andria"]
[Black "Salimova, Nurgyul"]
[Result "1-0"]
[WhiteElo "2535"]
[BlackElo "2392"]
[EventDate "2023.03.03"]
[PlyCount "69"]

1.e4 e5 2.Nf3 Nc6 3.d4 exd4 4.Bc4 Nf6 5.e5 d5 6.Bb5 Ne4 7.Nxd4 Bd7 8.Bxc6 
bxc6 9.O-O Bc5 10.f3 Ng5 11.f4 Ne4 12.Be3 Qb8 13.Qd3 Qxb2 14.Nd2 Nxd2 15.
Qxd2 Bb4 16.Qf2 c5 17.Nb3 Bf5 18.Bxc5 Bxc5 19.Qxc5 Qxc2 20.Qa3 Qc6 21.Rfd1
Qb6+ 22.Nd4 Rb8 23.Rac1 Be4 24.Qa4+ Kf8 25.Qd7 Qb2 26.Rc2 Bxc2 27.e6 fxe6 
28.Nxe6+ Kg8 29.Rd4 Qxd4+ 30.Nxd4 Bg6 31.Ne6 Bf7 32.Nd8 Bg6 33.f5 Bh5 34.
g4 Bxg4 35.Qf7# 1-0

[Event "23rd EUR-ch"]
[Site "Vrnjacka Banja SRB"]
[Date "2023.03.07"]
[Round "5.72"]
[White "Stocek, Jiri"]
[Black "Pasztor, Balazs"]
[Result "0-1"]
[WhiteElo "2534"]
[BlackElo "2387"]
[EventDate "2023.03.03"]
[PlyCount "64"]

1.d4 Nf6 2.Nf3 e6 3.c4 Bb4+ 4.Nbd2 d6 5.Qc2 Bxd2+ 6.Bxd2 Nbd7 7.g4 h6 8.
Rg1 Qe7 9.O-O-O b6 10.Bc3 Bb7 11.Nd2 c5 12.dxc5 Nxc5 13.f3 e5 14.e3 Rc8 
15.Kb1 Nfd7 16.b4 Na6 17.a3 Nc7 18.Ne4 d5 19.Ng3 g6 20.f4 O-O 21.f5 Kh7 
22.h4 Qxh4 23.g5 Rcd8 24.gxh6 dxc4 25.Bb2 Nd5 26.Qf2 N7f6 27.Be2 Ne4 28.
Qe1 Nxe3 29.Rxd8 Rxd8 30.fxg6+ fxg6 31.Ka2 Rd2 32.Bh5 Nc3+ 0-1

[Event "23rd EUR-ch"]
[Site "Vrnjacka Banja SRB"]
[Date "2023.03.07"]
[Round "5.73"]
[White "Petkov, Momchil"]
[Black "Makridis, Dimitrios"]
[Result "1-0"]
[WhiteElo "2526"]
[BlackElo "2387"]
[EventDate "2023.03.03"]
[PlyCount "89"]

1.d4 d5 2.c4 e6 3.Nc3 h6 4.Bf4 Nf6 5.c5 Be7 6.e3 c6 7.Bd3 Nbd7 8.b4 a5 9.
a3 axb4 10.axb4 Rxa1 11.Qxa1 Nh5 12.Nf3 Nxf4 13.exf4 Qc7 14.Ne2 Bf6 15.O-O
g5 16.g3 g4 17.Ne5 h5 18.b5 Nxe5 19.fxe5 Bg5 20.Qa7 O-O 21.bxc6 Qxc6 22.
Qa5 Qd7 23.f4 Bd8 24.Qd2 f5 25.Qb4 h4 26.Ra1 Qc7 27.Ra7 Rf7 28.Qa4 Bd7 29.
Bb5 Bxb5 30.Qxb5 Kg7 31.Ra8 Rf8 32.Ra7 Rf7 33.Kf2 Qb8 34.Qa4 Qc7 35.Nc3 
hxg3+ 36.hxg3 Be7 37.Nb5 Qc8 38.Ra8 Qc6 39.Nd6 Qxa4 40.Rxa4 Rf8 41.Ra7 Rb8
42.c6 Bd8 43.Rxb7+ Rxb7 44.cxb7 Bc7 45.Ne8+ 1-0

[Event "23rd EUR-ch"]
[Site "Vrnjacka Banja SRB"]
[Date "2023.03.07"]
[Round "5.74"]
[White "Stremavicius, Pijus"]
[Black "Kulaots, Kaido"]
[Result "1/2-1/2"]
[WhiteElo "2383"]
[BlackElo "2525"]
[EventDate "2023.03.03"]
[PlyCount "83"]

1.d4 Nf6 2.c4 e6 3.Nc3 Bb4 4.e3 O-O 5.Bd3 d5 6.a3 Bxc3+ 7.bxc3 dxc4 8.Bxc4
c5 9.Ne2 b6 10.Ng3 Qc7 11.Be2 Bb7 12.O-O Rd8 13.Bb2 Nc6 14.Qc2 Ne7 15.dxc5
Qxc5 16.c4 Ne8 17.a4 Qc6 18.Bf3 Qc7 19.Bxb7 Qxb7 20.a5 Nc6 21.axb6 Qxb6 
22.Rfb1 Qc7 23.Qe4 Rab8 24.Nh5 e5 25.h3 Qd7 26.Bxe5 Rxb1+ 27.Rxb1 Qd3 28.
Qxd3 Rxd3 29.Ba1 Rd2 30.Rc1 f6 31.Ng3 Nd6 32.c5 Nb5 33.Ne4 Ra2 34.Nd6 a6 
35.g4 Kf8 36.Kg2 Nb4 37.Ne4 Nc2 38.Bd4 Ncxd4 39.exd4 Ra4 40.c6 Rxd4 41.c7 
Nxc7 42.Nxf6 1/2-1/2

[Event "23rd EUR-ch"]
[Site "Vrnjacka Banja SRB"]
[Date "2023.03.07"]
[Round "5.75"]
[White "Injac, Teodora"]
[Black "Alsina Leal, Daniel"]
[Result "1/2-1/2"]
[WhiteElo "2383"]
[BlackElo "2522"]
[EventDate "2023.03.03"]
[PlyCount "51"]

1.d4 Nf6 2.c4 e6 3.Nf3 d5 4.g3 dxc4 5.Bg2 c6 6.O-O b5 7.Ne5 Bb7 8.b3 cxb3 
9.axb3 Be7 10.Nc3 a6 11.Bb2 O-O 12.Ne4 Nxe4 13.Bxe4 Qc8 14.Qc2 h6 15.Rfc1 
c5 16.Bxb7 Qxb7 17.dxc5 Bf6 18.b4 Qc7 19.Nf3 Bxb2 20.Qxb2 Nc6 21.Rd1 Rfd8 
22.Qb3 Rxd1+ 23.Rxd1 a5 24.bxa5 Qxa5 25.Rd6 Rc8 26.Rxe6 1/2-1/2

[Event "23rd EUR-ch"]
[Site "Vrnjacka Banja SRB"]
[Date "2023.03.07"]
[Round "5.76"]
[White "Horvath, Dominik"]
[Black "Bethke, Richard"]
[Result "1-0"]
[WhiteElo "2521"]
[BlackElo "2383"]
[EventDate "2023.03.03"]
[PlyCount "39"]

1.e4 e5 2.Nf3 Nc6 3.Bb5 a6 4.Ba4 b5 5.Bb3 Na5 6.O-O d6 7.d4 exd4 8.Re1 Be7
9.Nxd4 Nf6 10.Bd5 Nxd5 11.exd5 c5 12.dxc6 O-O 13.Nc3 Bf6 14.Nd5 Bxd4 15.
Ne7+ Kh8 16.Qxd4 Qc7 17.Nd5 Qa7 18.Qxa7 Rxa7 19.Be3 Ra8 20.Nc7 1-0

[Event "23rd EUR-ch"]
[Site "Vrnjacka Banja SRB"]
[Date "2023.03.07"]
[Round "5.77"]
[White "Djukic, Nikola"]
[Black "Leisch, Lukas"]
[Result "1/2-1/2"]
[WhiteElo "2514"]
[BlackElo "2378"]
[EventDate "2023.03.03"]
[PlyCount "129"]

1.e4 e5 2.Nf3 Nc6 3.Bb5 Nf6 4.d3 Bc5 5.c3 d5 6.exd5 Qxd5 7.Bc4 Qd6 8.Nbd2 
Bf5 9.b4 Bb6 10.Ng5 O-O 11.Nde4 Nxe4 12.dxe4 Qxd1+ 13.Kxd1 Bg4+ 14.Ke1 h6 
15.Nf3 Rfe8 16.Nd2 Nd8 17.f3 Be6 18.Ke2 a5 19.b5 Bc5 20.Rd1 f6 21.a4 Kf8 
22.Bxe6 Nxe6 23.Nb3 Be7 24.Be3 Rec8 25.c4 c6 26.b6 c5 27.Rd7 Rcb8 28.Rb1 
Ke8 29.Rd5 Rc8 30.Nc1 Rc6 31.Na2 Ra6 32.Nc3 Raxb6 33.Nb5 Ra6 34.g3 g5 35.
Rh1 Ra8 36.h4 Nf8 37.f4 exf4 38.gxf4 Rd8 39.hxg5 hxg5 40.fxg5 fxg5 41.Bxg5
Bxg5 42.Rxg5 Ne6 43.Rg8+ Kf7 44.Rxd8 Nxd8 45.Rh7+ Ke6 46.Nc7+ Ke5 47.Ke3 
Rg6 48.Re7+ Kd6 49.Nd5 Ne6 50.Rxb7 Rg3+ 51.Kd2 Nd4 52.Ne3 Rh3 53.Nf5+ Nxf5
54.exf5 Rf3 55.Rb5 Rxf5 56.Rxa5 Rf3 57.Ra8 Ke5 58.Rd8 Ra3 59.Rd5+ Ke6 60.
Rxc5 Rxa4 61.Kc3 Kd6 62.Rh5 Ra1 63.Rh6+ Kc5 64.Rh5+ Kc6 65.Rh6+ 1/2-1/2

[Event "23rd EUR-ch"]
[Site "Vrnjacka Banja SRB"]
[Date "2023.03.07"]
[Round "5.78"]
[White "Brunello, Sabino"]
[Black "Baglan, Esat"]
[Result "1-0"]
[WhiteElo "2512"]
[BlackElo "2363"]
[EventDate "2023.03.03"]
[PlyCount "87"]

1.e4 c5 2.Nf3 Nc6 3.d4 cxd4 4.Nxd4 Nf6 5.Nc3 d6 6.Bg5 e6 7.Qd2 a6 8.O-O-O 
Bd7 9.f4 Be7 10.Nf3 b5 11.e5 b4 12.exd6 bxc3 13.Qxc3 Bf8 14.f5 Qb6 15.Bc4 
Qc5 16.fxe6 fxe6 17.Rhe1 Bxd6 18.Qd3 O-O 19.Rxe6 Na5 20.Rxf6+ Nxc4 21.Rxd6
Nxd6 22.Be7 Rfc8 23.Bxd6 Qa5 24.Qb3+ Kh8 25.Ne5 Be8 26.Rf1 Bg6 27.Nxg6+ 
hxg6 28.Kb1 Re8 29.Bb4 Qb5 30.Rf3 Re5 31.a4 Qd5 32.Qc3 Rae8 33.b3 Re1+ 34.
Kb2 Qd1 35.Rh3+ Kg8 36.Qc4+ R1e6 37.Bc3 g5 38.Rg3 Qd8 39.h4 Qc8 40.Qd5 Qd8
41.Qf5 Re3 42.Rxg5 R8e7 43.Bf6 Rxb3+ 44.Kxb3 1-0

[Event "23rd EUR-ch"]
[Site "Vrnjacka Banja SRB"]
[Date "2023.03.07"]
[Round "5.79"]
[White "Megalios, Konstantinos"]
[Black "Draskovic, Luka"]
[Result "1-0"]
[WhiteElo "2382"]
[BlackElo "2510"]
[EventDate "2023.03.03"]
[PlyCount "55"]

1.d4 Nf6 2.c4 d6 3.Nf3 g6 4.Nc3 Bg7 5.e4 O-O 6.Be2 Nbd7 7.O-O e5 8.Be3 Qe7
9.dxe5 dxe5 10.Nd5 Qd8 11.Qc2 c6 12.Nxf6+ Bxf6 13.c5 Qe7 14.Rfd1 Re8 15.b4
Nf8 16.h3 Ne6 17.Rd6 Nc7 18.a4 Be6 19.b5 cxb5 20.axb5 a6 21.b6 Nb5 22.Bxb5
axb5 23.Rad1 Rec8 24.Qb2 Qe8 25.Ng5 Rd8 26.Nxe6 fxe6 27.Rxd8 Rxd8 28.Rxd8 
1-0

[Event "23rd EUR-ch"]
[Site "Vrnjacka Banja SRB"]
[Date "2023.03.07"]
[Round "5.80"]
[White "Pasti, Aron"]
[Black "Gadimbayli, Abdulla"]
[Result "1/2-1/2"]
[WhiteElo "2378"]
[BlackElo "2507"]
[EventDate "2023.03.03"]
[PlyCount "61"]

1.e4 e6 2.d4 d5 3.Nc3 Nf6 4.Bg5 dxe4 5.Nxe4 Nbd7 6.Nf3 h6 7.Nxf6+ Nxf6 8.
Bh4 c5 9.c3 cxd4 10.Qxd4 Qxd4 11.Nxd4 a6 12.f3 Bd7 13.Bd3 O-O-O 14.O-O-O 
Bc5 15.Nb3 Bb6 16.Rhf1 Ba4 17.Bc2 Rxd1+ 18.Rxd1 Nd5 19.Bg3 Rd8 20.Nd4 Bxc2
21.Nxc2 f6 22.c4 Be3+ 23.Nxe3 Nxe3 24.Re1 Rd3 25.b3 Nxg2 26.Rxe6 Re3 27.
Rxe3 Nxe3 28.Bf2 Nf5 29.Kc2 Kd7 30.Kd3 Ke6 31.Ke4 1/2-1/2

[Event "23rd EUR-ch"]
[Site "Vrnjacka Banja SRB"]
[Date "2023.03.07"]
[Round "5.81"]
[White "Wieczorek, Oskar"]
[Black "Hagner, Bennet"]
[Result "1/2-1/2"]
[WhiteElo "2505"]
[BlackElo "2361"]
[EventDate "2023.03.03"]
[PlyCount "64"]

1.e4 e5 2.Nf3 Nc6 3.Bb5 a6 4.Ba4 Nf6 5.O-O Nxe4 6.d4 Be7 7.Re1 b5 8.Rxe4 
d5 9.Nxe5 Nxe5 10.Rxe5 bxa4 11.Qe2 Be6 12.f4 Kf8 13.Nc3 Bd6 14.Nxa4 Qf6 
15.Be3 Bxe5 16.fxe5 Qg6 17.Nc5 h5 18.h4 Kg8 19.Rf1 Kh7 20.Bg5 Rhf8 21.Rf4 
Rab8 22.b3 Rb6 23.Rf2 Kg8 24.a4 Ra8 25.Kh2 a5 26.Qf3 Rb4 27.Qf4 Rb6 28.Kg1
Rbb8 29.Kh2 Rb6 30.Kg1 Rbb8 31.Qf3 Rb4 32.Qf4 Rbb8 1/2-1/2

[Event "23rd EUR-ch"]
[Site "Vrnjacka Banja SRB"]
[Date "2023.03.07"]
[Round "5.82"]
[White "Damjanovic, Vuk"]
[Black "Druska, Juraj"]
[Result "0-1"]
[WhiteElo "2361"]
[BlackElo "2505"]
[EventDate "2023.03.03"]
[PlyCount "96"]

1.d4 Nf6 2.c4 e6 3.Nf3 b6 4.g3 Ba6 5.b3 Bb4+ 6.Bd2 Be7 7.Nc3 d5 8.cxd5 
exd5 9.Bg2 O-O 10.O-O Re8 11.Ne5 Bb7 12.Rc1 Nbd7 13.Bf4 a6 14.Qc2 Bd6 15.
Qf5 g6 16.Qg5 Nf8 17.Bh3 Ne6 18.Bxe6 Rxe6 19.Nd3 Be7 20.Be5 Nd7 21.Qg4 
Nxe5 22.Nxe5 h5 23.Qh3 c5 24.e3 cxd4 25.exd4 Rxe5 26.dxe5 d4 27.Rcd1 Rc8 
28.Ne2 Qd5 29.f3 Qxe5 30.Nf4 Rc3 31.Rde1 Re3 32.Rxe3 dxe3 33.Qd7 e2 34.
Qxb7 Bc5+ 35.Kg2 exf1=Q+ 36.Kxf1 Qa1+ 37.Kg2 Qxa2+ 38.Kh3 Qxb3 39.Qxa6 
Qxf3 40.Qc8+ Kg7 41.Qd7 Qe4 42.Qc8 Bd6 43.Ng2 b5 44.Nh4 Be7 45.Qc3+ Bf6 
46.Qf3 Qe6+ 47.Kg2 Bxh4 48.gxh4 Qg4+ 0-1

[Event "23rd EUR-ch"]
[Site "Vrnjacka Banja SRB"]
[Date "2023.03.07"]
[Round "5.83"]
[White "Gines Esteo, Pedro Antonio"]
[Black "Tadic, Stefan"]
[Result "0-1"]
[WhiteElo "2500"]
[BlackElo "2353"]
[EventDate "2023.03.03"]
[PlyCount "88"]

1.c4 e5 2.Nc3 Nf6 3.Nf3 Nc6 4.e4 Bb4 5.d3 d6 6.a3 Bc5 7.b4 Bb6 8.Na4 Bd4 
9.Nxd4 Nxd4 10.Nc3 a5 11.b5 c6 12.a4 Nd7 13.Ne2 O-O 14.Nxd4 exd4 15.Be2 f5
16.exf5 Nc5 17.g4 h5 18.h3 Qh4 19.Bf4 hxg4 20.Bxd6 Rxf5 21.Bg3 Qh7 22.Bxg4
Rf7 23.O-O Bf5 24.bxc6 bxc6 25.Re1 Nxd3 26.Re6 Raf8 27.Ra2 Bxg4 28.hxg4 
Nf4 29.Re5 Qh3 30.Qf3 d3 31.Qxc6 Rc7 32.Qe4 Qxg4 33.Rd2 Rd7 34.Re8 Ne2+ 
35.Kg2 Nf4+ 36.Kg1 Rd8 37.Rxf8+ Rxf8 38.Qb7 Re8 39.Qb1 Ne2+ 40.Kh2 Re6 41.
Kg2 Rg6 42.Qb8+ Kh7 43.Qe5 Nf4+ 44.Kg1 Qf3 0-1

[Event "23rd EUR-ch"]
[Site "Vrnjacka Banja SRB"]
[Date "2023.03.07"]
[Round "5.84"]
[White "Uskov, Artem"]
[Black "Blohberger, Felix"]
[Result "1/2-1/2"]
[WhiteElo "2373"]
[BlackElo "2493"]
[EventDate "2023.03.03"]
[PlyCount "87"]

1.e4 e5 2.Nf3 Nc6 3.Bb5 a6 4.Ba4 d6 5.c4 Bg4 6.Nc3 Nf6 7.d3 Nd7 8.Be3 Be7 
9.Nd5 O-O 10.h3 Bxf3 11.Qxf3 Rb8 12.b4 Nd4 13.Bxd4 exd4 14.Bxd7 Qxd7 15.
Qf5 Qd8 16.O-O c6 17.Nxe7+ Qxe7 18.a4 g6 19.Qf4 b5 20.axb5 axb5 21.Rfc1 c5
22.Qd2 Rb7 23.cxb5 Rxb5 24.bxc5 dxc5 25.Rc4 Rfb8 26.Rac1 Rb1 27.Qd1 Rxc1 
28.Qxc1 Rb5 29.Qa3 Qg5 30.g3 h5 31.Qa8+ Kg7 32.Kg2 Rb2 33.Qa1 Qd2 34.Qf1 
Rc2 35.Rxc2 Qxc2 36.e5 Kf8 37.Qa1 Qxd3 38.Qa8+ Kg7 39.Qd5 Qc2 40.h4 d3 41.
e6 Qe2 42.Qxc5 Qe4+ 43.Kg1 Kf6 44.e7 1/2-1/2

[Event "23rd EUR-ch"]
[Site "Vrnjacka Banja SRB"]
[Date "2023.03.07"]
[Round "5.85"]
[White "Reshef, Omer"]
[Black "Manafov, Vugar"]
[Result "0-1"]
[WhiteElo "2492"]
[BlackElo "2349"]
[EventDate "2023.03.03"]
[PlyCount "90"]

1.e4 c5 2.Nf3 e6 3.g3 b6 4.Bg2 Bb7 5.Nc3 Nf6 6.e5 Nd5 7.O-O d6 8.exd6 Bxd6
9.Ne4 Be7 10.d4 O-O 11.dxc5 bxc5 12.Qe2 c4 13.Ne5 c3 14.bxc3 Nd7 15.Nxd7 
Qxd7 16.Bb2 Rab8 17.Rfb1 Nf6 18.c4 Bxe4 19.Bxe4 Rxb2 20.Rxb2 Qd4 21.Bxh7+ 
Nxh7 22.Rab1 Bc5 23.Rb8 Bb6 24.Rxf8+ Kxf8 25.Rd1 Qc5 26.Rd2 Nf6 27.Rd3 Ne4
28.Re3 f5 29.h4 Qe5 30.Rd3 Bxf2+ 31.Kg2 Bb6 32.Qh5 Nf6 33.Qf3 Qc5 34.Rd1 
Ng4 35.Re1 Qxc4 36.Qb3 Qc6+ 37.Kh3 Nf2+ 38.Kh2 Ng4+ 39.Kh3 Kf7 40.a4 Nf2+ 
41.Kh2 Ng4+ 42.Kh3 Ne3 43.Rg1 Qf3 44.Qb1 Qg4+ 45.Kh2 Bc7 0-1

[Event "23rd EUR-ch"]
[Site "Vrnjacka Banja SRB"]
[Date "2023.03.07"]
[Round "5.86"]
[White "Schekachikhin, Maksim"]
[Black "Gharibian, Mamikon"]
[Result "1/2-1/2"]
[WhiteElo "2367"]
[BlackElo "2491"]
[EventDate "2023.03.03"]
[PlyCount "92"]

1.Nf3 Nf6 2.c4 e6 3.g3 d5 4.d4 Bb4+ 5.Bd2 Be7 6.Bg2 O-O 7.O-O Nbd7 8.Qc2 
c6 9.Bf4 b6 10.Nbd2 Nh5 11.e3 Nxf4 12.exf4 Bb7 13.cxd5 cxd5 14.Rfc1 Rc8 
15.Qa4 a6 16.Bf1 Bd6 17.Bd3 Qe7 18.h4 g6 19.Rxc8 Re8 20.Rd8 Rxd8 21.Rc1 
Rc8 22.Re1 Nf6 23.Qd1 a5 24.Qe2 Qd8 25.Ne5 Rc7 26.Ndf3 Ne4 27.h5 f6 28.Ng4
gxh5 29.Ne3 Rg7 30.Kh2 f5 31.Ng2 Bc6 32.Rc1 Be8 33.Ba6 Rc7 34.Rxc7 Qxc7 
35.Ne5 Kf8 36.f3 Nf6 37.Bb5 Bxb5 38.Qxb5 Ke7 39.Nc6+ Kf7 40.Ne5+ Ke7 41.
Nc6+ Kf7 42.Ne5+ Kg7 43.a4 Bb4 44.Qa6 Ne8 45.Qe2 Nf6 46.Qa6 Ne8 1/2-1/2

[Event "23rd EUR-ch"]
[Site "Vrnjacka Banja SRB"]
[Date "2023.03.07"]
[Round "5.87"]
[White "Kovacevic, Aleksandar"]
[Black "Milosevic, Milos"]
[Result "1/2-1/2"]
[WhiteElo "2489"]
[BlackElo "2347"]
[EventDate "2023.03.03"]
[PlyCount "85"]

1.e4 e6 2.d4 d5 3.Nc3 Bb4 4.e5 c5 5.a3 Bxc3+ 6.bxc3 Ne7 7.a4 Qc7 8.Nf3 b6 
9.Bb5+ Bd7 10.Bd3 Nbc6 11.O-O c4 12.Be2 f6 13.Re1 Ng6 14.Ba3 O-O-O 15.Bd6 
Qb7 16.Bf1 Qa6 17.Nd2 Nge7 18.a5 b5 19.exf6 gxf6 20.Nf3 Rde8 21.Bc5 Nd8 
22.Qc1 Nb7 23.Bb4 Nc6 24.Qh6 Nxb4 25.cxb4 Ref8 26.Nh4 Qd6 27.c3 Kc7 28.f4 
Nd8 29.g3 f5 30.Nf3 Qe7 31.Ne5 Qf6 32.Qh5 Be8 33.Qe2 a6 34.Bg2 Rhg8 35.Bf3
Rg7 36.Ra2 Nb7 37.Qd1 Nd6 38.Rg2 Rh8 39.Re3 h5 40.h4 Ne4 41.Bxe4 fxe4 42.
Qe1 Rhg8 43.Qf2 1/2-1/2

[Event "23rd EUR-ch"]
[Site "Vrnjacka Banja SRB"]
[Date "2023.03.07"]
[Round "5.88"]
[White "Gorodetzky, David"]
[Black "Atakishiyev, Elmar"]
[Result "1-0"]
[WhiteElo "2488"]
[BlackElo "2344"]
[EventDate "2023.03.03"]
[PlyCount "67"]

1.e4 c5 2.Nf3 d6 3.Bb5+ Nd7 4.O-O a6 5.Bd3 b5 6.c4 Rb8 7.cxb5 axb5 8.Qe2 
c4 9.Bc2 e5 10.b4 cxb3 11.Bxb3 Be7 12.d4 Bf6 13.Rd1 Ne7 14.Ng5 Bxg5 15.
Bxg5 Qc7 16.Na3 Qa5 17.Qf3 Rf8 18.Nc2 Bb7 19.dxe5 Nxe5 20.Qg3 Qb6 21.Bxe7 
Kxe7 22.Ne3 g6 23.Bd5 h5 24.Qg5+ f6 25.Qh6 Bc8 26.Qg7+ Ke8 27.Kh1 Bg4 28.
Rdc1 Rd8 29.f4 Nd3 30.Nxg4 Nxc1 31.Nxf6+ Rxf6 32.Qxf6 Qc7 33.Qxg6+ Kf8 34.
Qg8+ 1-0

[Event "23rd EUR-ch"]
[Site "Vrnjacka Banja SRB"]
[Date "2023.03.07"]
[Round "5.89"]
[White "Danielian, Vahe"]
[Black "Ahmadzada, Ahmad"]
[Result "1/2-1/2"]
[WhiteElo "2307"]
[BlackElo "2487"]
[EventDate "2023.03.03"]
[PlyCount "73"]

1.e4 Nf6 2.e5 Nd5 3.d4 d6 4.Nf3 Bg4 5.Bc4 e6 6.O-O Nb6 7.Be2 Nc6 8.h3 Bh5 
9.c3 Be7 10.a4 a5 11.exd6 cxd6 12.Na3 O-O 13.Qb3 d5 14.Bf4 Na7 15.Rfe1 
Bxf3 16.Bxf3 Bd6 17.Bxd6 Qxd6 18.Re3 Qc6 19.Rae1 Nac8 20.c4 dxc4 21.Bxc6 
cxb3 22.Bxb7 Rb8 23.Bxc8 Rfxc8 24.Rxb3 Nxa4 25.Rxb8 Rxb8 26.Re5 Nxb2 27.
Rxa5 Rd8 28.Nb5 g6 29.Kf1 Rd5 30.Ra8+ Kg7 31.Rb8 Nd3 32.g3 Nb4 33.Rb7 Kf8 
34.Rb8+ Ke7 35.Rb7+ Rd7 36.Rxd7+ Kxd7 37.Ke2 1/2-1/2

[Event "23rd EUR-ch"]
[Site "Vrnjacka Banja SRB"]
[Date "2023.03.07"]
[Round "5.90"]
[White "Martic, Ivan"]
[Black "Zanan, Evgeny"]
[Result "0-1"]
[WhiteElo "2274"]
[BlackElo "2485"]
[EventDate "2023.03.03"]
[PlyCount "136"]

1.e4 e6 2.d4 d5 3.Nc3 Bb4 4.e5 c5 5.a3 Bxc3+ 6.bxc3 Ne7 7.h4 Qc7 8.h5 h6 
9.Bd2 Nbc6 10.Qg4 Rg8 11.Bd3 c4 12.Be2 Bd7 13.Qf4 O-O-O 14.Nf3 Rdf8 15.a4 
Qa5 16.O-O f6 17.exf6 gxf6 18.Rfb1 a6 19.Ra2 Nf5 20.Rab2 Nd8 21.Rb4 Qc7 
22.Qxc7+ Kxc7 23.Bf4+ Kc8 24.g3 Bc6 25.Nh2 e5 26.dxe5 fxe5 27.Bxe5 Re8 28.
Ng4 Nf7 29.f4 Nxg3 30.Bf3 Nxe5 31.fxe5 Ne4 32.Kh2 Nd2 33.Be2 Nxb1 34.Rxb1 
Rg5 35.Nxh6 Rexe5 36.Bg4+ Kc7 37.Nf7 Rxh5+ 38.Bxh5 Rxh5+ 39.Kg3 Bxa4 40.
Re1 Bc6 41.Ne5 Rg5+ 42.Kf2 Rh5 43.Nf3 a5 44.Ra1 a4 45.Kg3 Kd6 46.Nd4 Bd7 
47.Kf4 b5 48.Rg1 b4 49.Rg6+ Kc7 50.cxb4 Rh8 51.Ra6 Re8 52.Ra7+ Kb6 53.Rxd7
Re4+ 54.Kf3 Rxd4 55.Ke3 Rd1 56.Ke2 a3 57.Kxd1 a2 58.Rxd5 a1=Q+ 59.Kd2 Qb2 
60.b5 Qb4+ 61.Ke2 Qc3 62.Rd2 Kxb5 63.Kd1 Qf3+ 64.Re2 Kb4 65.Kd2 Qf4+ 66.
Kd1 Kc3 67.Re3+ Kb2 68.c3 Kb3 0-1

[Event "23rd EUR-ch"]
[Site "Vrnjacka Banja SRB"]
[Date "2023.03.07"]
[Round "5.91"]
[White "Parkhov, Yair"]
[Black "Burcu, Cagatay"]
[Result "1-0"]
[WhiteElo "2485"]
[BlackElo "2331"]
[EventDate "2023.03.03"]
[PlyCount "67"]

1.d4 d5 2.c4 c6 3.Nf3 Nf6 4.Qb3 dxc4 5.Qxc4 Bf5 6.g3 e6 7.Bg2 Be7 8.Nbd2 
Nbd7 9.Qb3 Qb6 10.O-O O-O 11.Nc4 Qa6 12.Bf4 Nb6 13.Bd6 Bxd6 14.Nxd6 Rad8 
15.Nxf5 exf5 16.e3 Qc4 17.Qa3 Qa4 18.Qd3 g6 19.Rfc1 Qb4 20.a3 Qe7 21.b4 a6
22.Qb3 Nbd5 23.Rab1 Ne4 24.Rc2 g5 25.Ne5 h5 26.f3 Nef6 27.e4 fxe4 28.fxe4 
Nc7 29.Ng6 Qd7 30.Nxf8 Qxd4+ 31.Rf2 Kxf8 32.Rf1 Rd7 33.Kh1 Nce8 34.Rf5 1-0